Estadísticas para Siglo VII y VIII

Haz click aquí para intentar la prueba.

Estadísticas generales

  • Esta prueba ha sido intentada 40 veces
  • La puntuación promedio es 11 de 19

Estadísticas de respuestas

AñoDescripciónRespuesta% Correcto
793Estos marinos del norte asaltan las Islas Británicas por primera vezVikingos
97%
762El Califato Abasí funda esta capital en el río TigrisBagdad
90%
722La Reconquista comienza en este país. Terminaría 727 años más tarde con la caída del Emirato de Granada.España
90%
c. 770Esta enfermedad abandona Europa. Reaparecerá con una venganza alrededor de 1350.Peste Negra
90%
800Este gobernante franco es coronado emperador por el papa León III el día de NavidadCarlomagno
86%
691Wu Zetian se convierte en la primera y única emperatriz de este paísChina
86%
663Según la leyenda, la cumbre de este volcán japonés se alcanza por primera vezMonte Fuji
72%
717–718El Califato Omeya sitia la mayor y más importante de las ciudades cristianas, pero no logra capturarla.Constantinopla
66%
632Mahoma muere en esta ciudadMedina
66%
697Se elige al primer dux de esta república adriáticaVenecia
66%
732La victoria de Carlos Martel en esta batalla pone fin a la invasión árabe en Francia.Batalla de {Poitiers}
52%
c. 700Esta ciudad china, entonces conocida como Chang'an, es la más grande del mundo, con una población de aproximadamente 1 millón de habitantes (PISTA: empieza por X)Xi'an
48%
609Este edificio romano, originalmente un templo a todos los dioses, se transforma en una iglesiaPanteón
45%
639Los árabes conquistan este país, "granero" del Imperio bizantinoEgipto
41%
601San Agustín se convierte en el primer arzobispo de esta ciudad inglesaCanterbury
38%
691Este santuario islámico se completa en el Monte del Templo de JerusalénCúpula de la {Roca}
38%
708Esta pequeña isla, hoy una de las mayores atracciones turísticas de Francia, está fortificadaMonte Saint-Michel
31%
600sEste reposapiés para jinetes se extiende por Europa, haciendo más eficaces a los caballeros a caballo, y provocando potencialmente el feudalismoEstribos
24%
629Esta peregrinación islámica a La Meca se celebra por primera vezHach
10%

Distribución de puntuación

Porcentaje por número respondido

Porcentaje de gente con cada puntuación

Historial de tus puntuaciones

No has intentado esta prueba.